| 000 | 00616nam a22001937a 4500 | ||
|---|---|---|---|
| 003 | PILC | ||
| 005 | 20150608130451.0 | ||
| 008 | 130222t xxu||||| |||| 00| 0 eng d | ||
| 020 | _a0563367814 | ||
| 050 |
_aPC 2112 _b.B758 2003 |
||
| 082 |
_aLnSF 448.242 _bB65 1994 |
||
| 100 |
_aBougard, Marie-Thérèse _913708 |
||
| 245 |
_aThe French experience 1 / _cMarie-Thérèse Bougard, Danièle Bourdais ; course designer, Anny King. |
||
| 260 |
_aLondon : _bBBC, _c2003. |
||
| 300 |
_a288 pages : _billustrations (chiefly color) ; _c25 cm. |
||
| 500 | _aIncludes glossary. | ||
| 650 | _aFrench. | ||
| 942 |
_2lcc _cBK |
||
| 999 |
_c284780 _d284780 |
||